Les 10 pays les plus propres au monde - Statistiques

Statistiques générales
  • Ce quiz a été pris 147 fois
  • Le résultat moyen est 6 sur 10
Statistiques - réponses
EPI Réponse % Correct
88.7 Norvège
91%
88.3 Suède
90%
87.9 Finlande
86%
86.8 Danemark
83%
90.5 Islande
78%
89.1 Suisse
77%
87.2 Luxembourg
54%
86.5 Autriche
53%
87.5 Costa Rica
10%
89.8 Grenade
2%
Aucun quiz correspondant
Distribution des résultats
% des personnes avec chaque résultat
Percentile par nombre de réponses
Votre historique - résultats
Vous n’avez pas pris ce quiz